000
00282nam a2200121Ia 4500
005
20260326100036.0
008
260326s9999||||xx |||||||||||||| ||und||
100
_a
Sorre, Max
245
0
_a
El Paisaje Urbano /
_c
Max Sorre
260
_b
Ediciones 3
650
_a
URBANISMO
942
_c
BK
999
_c
6790
_d
6790